4倍弱点を持つポケモン - Statistics

General Stats
  • This quiz has been taken 606 times
    308 since last reset
  • The average score is 94 of 307
Answer Stats
Hint Answer % Correct
ほのお ハッサム
63%
こおり ガブリアス
61%
こおり カイリュー
59%
いわ リザードン
59%
でんき | フリーズドライ ギャラドス
57%
ほのお | フライングプレス ユキノオー
56%
くさ | じめん | みず イシツブテ
55%
くさ | じめん | みず ゴローン
55%
くさ | じめん | みず ゴローニャ
55%
かくとう バンギラス
55%
くさ | フリーズドライ ラグラージ
54%
こおり ボーマンダ
52%
いわ ファイヤー
52%
ひこう | ほのお ハハコモリ
51%
ほのお | フライングプレス ユキカブリ
50%
でんき | フリーズドライ キャモメ
50%
こおり ガバイト
50%
フェアリー サザンドラ
50%
くさ | みず イワーク
48%
でんき | フリーズドライ ペリッパー
48%
こおり フカマル
48%
ほのお ナットレイ
47%
ひこう | ほのお クルマユ
46%
くさ | みず サイドン
46%
ひこう | ほのお クルミル
45%
くさ | みず サイホーン
45%
くさ | みず ドサイドン
45%
いわ ホウオウ
45%
くさ | フリーズドライ ヌオー
44%
かくとう | ほのお サンド
43%
ほのお テッシード
43%
みず バクーダ
43%
かくとう | ほのお サンドパン
42%
でんき | フリーズドライ スワンナ
42%
かくとう | じめん ボスゴドラ
42%
いわ ファイアロー
42%
こおり フライゴン
41%
いわ フリーザー
41%
あく | ゴースト ルナアーラ
41%
フェアリー モノズ
41%
フェアリー ジヘッド
41%
こおり | むし ナッシー
40%
いわ バタフリー
40%
ひこう | ほのお パラセクト
39%
いわ | ほのお モスノウ
39%
こおり レックウザ
39%
フェアリー ジャラランガ
39%
くさ | みず サナギラス
38%
こおり トロピウス
38%
ひこう | ほのお パラス
37%
じめん | みず マグカルゴ
37%
くさ | みず ヨーギラス
37%
でんき | フリーズドライ コアルヒー
37%
くさ | フリーズドライ ウパー
37%
くさ | フリーズドライ ヌマクロー
37%
かくとう | じめん ココドラ
37%
かくとう | じめん コドラ
37%
むし | フライングプレス ダーテング
37%
あく | むし | ゴースト バドレックス
37%
みず ドンメル
36%
どく エルフーン
36%
くさ | フリーズドライ ナマズン
35%
こおり ドダイトス
35%
じめん コイル
35%
じめん レアコイル
35%
じめん ジバコイル
35%
エスパー ドクロッグ
35%
いわ ウルガモス
35%
いわ ヒノヤコマ
35%
いわ | ほのお ユキハミ
34%
じめん | みず セキタンザン
34%
くさ | フリーズドライ トリトドン
34%
かくとう マニューラ
34%
じめん ヒードラン
34%
いわ ストライク
34%
はがね キュウコン
34%
フェアリー コライドン
34%
こおり ビブラーバ
33%
かくとう | エスパー ニューラ
33%
かくとう キリキザン
33%
くさ | フリーズドライ ガマゲロゲ
32%
こおり チルタリス
32%
かくとう コマタナ
32%
かくとう | はがね アマルルガ
32%
ほのお フォレトス
31%
ひこう | ほのお ミノマダム
31%
こおり ランドロス
31%
かくとう ドドゲザン
31%
どく モンメン
31%
ひこう ヘラクロス
31%
エスパー グレッグル
31%
はがね ディアンシー
31%
ほのお カミツルギ
30%
じめん | みず トロッゴン
30%
でんき | フリーズドライ マンタイン
30%
くさ | フリーズドライ ドジョッチ
30%
くさ | フリーズドライ ガマガル
30%
じめん ロトム
30%
ひこう キノガッサ
30%
むし セレビィ
30%
むし カラマネロ
30%
いわ アゲハント
30%
フェアリー ジャランゴ
30%
ほのお シュバルゴ
29%
みず グラードン
29%
こおり ジュカイン
29%
こおり ジガルデ
29%
ひこう フェローチェ
29%
むし タマタマ
29%
いわ メラルバ
29%
はがね メレシー
29%
こおり グライガー
28%
こおり グライオン
28%
こおり アップリュー
28%
こおり タルップル
28%
ひこう ビリジオン
28%
ひこう マッシブーン
28%
むし | フライングプレス コノハナ
28%
むし | フライングプレス マスカーニャ
28%
フリーズドライ ルンパッパ
28%
こおり オンバーン
27%
むし マーイーカ
27%
ほのお ゲノセクト
26%
くさ アバゴーラ
26%
こおり ワタッコ
26%
こおり カミツオロチ
26%
かくとう | はがね アマルス
26%
かくとう パオジアン
26%
ひこう ブリガロン
26%
エスパー オオニューラ
26%
フェアリー アクジキング
26%
フリーズドライ ハスボー
26%
フリーズドライ ハスブレロ
26%
ほのお アイアント
25%
くさ カブト
25%
くさ カブトプス
25%
くさ プロトーガ
25%
こおり カミッチュ
25%
かくとう ラッタ
25%
あく | むし | ゴースト フーパ
25%
いわ ビビヨン
25%
フリーズドライ パルキア
25%
こおり ハネッコ
24%
こおり ポポッコ
24%
かくとう | じめん トリデプス
24%
あく | ゴースト ネクロズマ
24%
フェアリー | フライングプレス ゴロンダ
24%
でんき | フリーズドライ タマンタ
23%
くさ オムナイト
23%
くさ オムスター
23%
こおり オンバット
23%
こおり カジッチュ
23%
かくとう コラッタ
23%
かくとう | じめん タテトプス
23%
かくとう | はがね クレベース
23%
じめん ウツロイド
23%
ひこう チヲハウハネ
23%
むし テツノイサハ
23%
いわ ガーメイル
23%
フェアリー | フライングプレス ズルッグ
23%
フェアリー | フライングプレス ズルズキン
23%
じめん ストリンダー
22%
じめん ブロロローム
22%
いわ ビークイン
22%
フリーズドライ キングドラ
22%
でんき | フリーズドライ ウッウ
21%
かくとう | じめん ツンデツンデ
21%
かくとう タチフサグマ
21%
どく マシェード
21%
どく カプ・ブルル
21%
じめん エンニュート
21%
じめん エレズン
21%
じめん ブロロン
21%
じめん テツノドクガ
21%
むし | フライングプレス ノクタス
21%
むし | フライングプレス チオンジェン
21%
くさ カメテテ
20%
くさ ガメノデス
20%
どく ネマシュ
20%
フェアリー トドロクツキ
20%
こおり シェイミ
19%
かくとう | じめん ダイノーズ
19%
かくとう マッスグマ
19%
いわ ミツハニー
19%
フェアリー | フライングプレス ウーラオス
19%
じめん | みず ウインディ
18%
かくとう ジグザグマ
18%
ひこう ドレディア
18%
いわ カイロス
18%
いわ レディアン
18%
じめん | みず ガーディ
17%
くさ サニーゴ
17%
じめん ヤトウモリ
17%
じめん トゲデマル
17%
じめん キラフロル
17%
じめん テツノイバラ
17%
いわ アメモース
17%
こおり リククラゲ
16%
むし | フライングプレス ザルード
16%
いわ レディバ
16%
くさ ジーランス
15%
こおり ノノクラゲ
15%
じめん キラーメ
15%
エスパー イイネイヌ
15%
むし | フライングプレス アラブルタケ
15%
いわ メガヤンマ
15%
いわ ヤクデ
15%
いわ マルヤクデ
15%
フリーズドライ シャリタツ
15%
くさ カジリガメ
14%
こおり モクロー
14%
ひこう ジュナイパー
14%
いわ デリバード
14%
いわ テッカニン
14%
フリーズドライ ウオノラゴン
14%
フリーズドライ オーガポン
14%
こおり フクスロー
13%
いわ ヤンヤンマ
13%
いわ ヒヒダルマ
11%
いわ オドリドリ
11%
フリーズドライ ウネルミナモ
10%
フライングプレス メブキジカ
8%
フライングプレス オリーヴァ
8%
フライングプレス シキジカ
7%
フライングプレス メロエッタ
6%
フライングプレス ケケンカニ
6%
フライングプレス ミニーブ
6%
フライングプレス オリーニョ
6%
フライングプレス ミミロップ
5%
フライングプレス ヌイコグマ
5%
フライングプレス キテルグマ
5%
No matching quizzes found
Score Distribution
Percent of People with Each Score
Percentile by Number Answered
Your Score History
You have not taken this quiz since the last reset